TPOT Elimination Table - Statistics

General Stats
  • This quiz has been taken 215 times
    108 since last reset
  • The average score is 23 of 28
Answer Stats
Placement Contestant % Correct
45th Pie
100%
44th Foldy
94%
43rd Saw
90%
42nd Cloudy
89%
41st Naily
86%
39th Eggy
83%
38th Fries
83%
40th Remote
82%
37th Clock
81%
19th Yellow Face
81%
28th Bell
79%
29th Bomby
79%
32nd Coiny
79%
20th Ice Cube
79%
36th Lightning
79%
30th Nickel
79%
18th Pillow
79%
31st Teardrop
79%
23rd Basketball
78%
26th Needle
78%
33rd Puffball
78%
22nd Robot Flower
78%
34th Rocky
78%
27th Barf Bag
76%
35th Cake
76%
24th Gaty
76%
21st Pin
76%
25th Eraser
75%
No matching quizzes found
Score Distribution
Percent of People with Each Score
Percentile by Number Answered
Your Score History
You have not taken this quiz since the last reset